| 000 | 01241nam a22003497a 4500 | ||
|---|---|---|---|
| 003 | CHAP | ||
| 005 | 20220329134619.0 | ||
| 008 | 971013s1956 r 00010 d | ||
| 010 | _a23038 | ||
| 011 | _a24010 | ||
| 035 | _a28109 | ||
| 040 | _cCHAP | ||
| 090 | _aTesis | ||
| 100 | 0 | 0 |
_aAvilez, Rosa María. _98861 |
| 245 | _aObtención de datos básicos de secado y diseño preliminar de un secador y contínuo, al vacío, de película en banda y calentamiento con rayos infrarrojos, para un material proteico | ||
| 260 |
_aMéxico, D.F. : _bEL autor, _c1956 |
||
| 300 |
_a116 p. _b: ilus |
||
| 502 | _aTesis (Ing. Químico) -- UNAM. Facultad de Química Berzelius | ||
| 590 |
_aALEPH _b10 _c20130110 _lUCH01 _h1247 |
||
| 590 |
_aBATCH-UPD _b10 _c20130110 _lUCH01 _h0022 |
||
| 590 |
_aBATCH-UPD _b10 _c20130110 _lUCH01 _h1839 |
||
| 590 |
_aBATCH-UPD _b10 _c20130409 _lUCH01 _h2002 |
||
| 590 |
_aBATCH-UPD _b10 _c20130410 _lUCH01 _h1210 |
||
| 590 |
_aBATCH-UPD _b10 _c20130914 _lUCH01 _h0457 |
||
| 590 |
_aCONVERSION _b10 _c20130109 _lUCH01 _h1314 |
||
| 650 | 1 | 4 |
_aProteínas _xSecado. _992453 |
| 650 | 1 | 4 |
_aRayos Infrarrojos. _994863 |
| 650 | 1 | 4 |
_aSecadores. _9103479 |
| 901 | _aBK | ||
| 942 | _cTESIS | ||
| 949 |
_bBC _cTES _d-64877 _eTS1 _i28109 _si |
||
| 999 |
_c23038 _d23038 |
||